| 000 | 01455cam a22003737a 4500 | ||
|---|---|---|---|
| 001 | 15510002 | ||
| 003 | EG-ScBUE | ||
| 005 | 20220908134015.0 | ||
| 008 | 081104t2007 maua f 000 0 eng d | ||
| 020 | _a9781592535019 | ||
| 020 | _a1592535011 | ||
| 040 |
_aDLC _beng _erda _cDLC _dDLC _dEG-ScBUE |
||
| 082 | 0 | 4 |
_222 _a701.85 _bSAW |
| 100 | 1 |
_aSawahata, Lesa, _eauthor. _911275 |
|
| 245 | 1 | 0 |
_aComplete color harmony workbook : _ba workbook and guide to creative color combinations / _c[text by Lesa Sawahata and Kiki Eldridge] |
| 246 | 3 | 0 | _aWorkbook and guide to creative color combinations |
| 246 | 3 | 0 | _aColor harmony |
| 264 | 1 |
_aGloucester, Mass. : _bRockport Publishers, _c[2007] |
|
| 264 | 4 | _cc2007 | |
| 300 |
_a224 pages : _bcolor illustrations ; _c29 cm |
||
| 336 |
_2rdacontent _atext _btxt |
||
| 337 |
_2rdamedia _aunmediated _bn |
||
| 338 |
_2rdacarrier _avolume _bnc |
||
| 650 | 7 |
_aColor in interior decoration _vHandbooks, manuals, etc. _911276 _2BUEsh |
|
| 650 | 7 |
_aColor guides _vHandbooks, manuals, etc. _911277 _2BUEsh |
|
| 651 | _2BUEsh | ||
| 653 | _bART | ||
| 655 |
_vReading book _934232 |
||
| 700 | 1 |
_aEldridge, Kiki, _eauthor. _911278 |
|
| 856 | 4 | 2 |
_3Contributor biographical information _uhttp://www.loc.gov/catdir/enhancements/fy0902/2008531323-b.html |
| 856 | 4 | 2 |
_3Publisher description _uhttp://www.loc.gov/catdir/enhancements/fy0902/2008531323-d.html |
| 942 |
_2ddc _cBB |
||
| 999 |
_c13361 _d13361 |
||